| 000 | 00652nam a2200193 i 4500 | ||
|---|---|---|---|
| 001 | 182296 | ||
| 003 | ES-MaACL | ||
| 005 | 20250902041230.0 | ||
| 008 | 130731s1986 sp |||| | spa d | ||
| 100 | 1 |
_aCastán Vázquez, José María. _936393 |
|
| 245 | 1 | 3 |
_aLa mujer adoptante / _cJosé María Castán Vázquez. |
| 260 |
_aMadrid : _bICADE, _c1986. |
||
| 300 |
_aP. 103-115 ; _c23 cm. |
||
| 595 | _aSeparata de: Revista de las Facultades de Derecho y Ciencias Económicas y Empresariales, 1986. | ||
| 650 | 4 |
_aAdopción. _99651 |
|
| 710 | 2 |
_aUniversidad Pontificia Comillas _9173007 |
|
| 852 | 4 |
_aES-MaACL _j2316-F-44 |
|
| 999 |
_c182296 _d182296 |
||